Arithmetic (subjective and objective): (Record no. 152041)

MARC details
000 -LEADER
fixed length control field 00785nam a22002177a 4500
005 - DATE AND TIME OF LATEST TRANSACTION
control field 20180914151507.0
010 ## - LCCN (DPL NO)
LC control number ENG-122993 B-705541
020 ## - INTERNATIONAL STANDARD BOOK NUMBER
International Standard Book Number 9789352535767
Terms of availability 525.00
035 ## - SYSTEM CONTROL NUMBER
System control number EN-106525
035 ## - SYSTEM CONTROL NUMBER
System control number B-705541
037 ## - SOURCE OF ACQUISITION
Source of stock number/acquisition DBAD/PUB.
082 ## - DEWEY DECIMAL CLASSIFICATION NUMBER
Classification number 513
100 ## - MAIN ENTRY--PERSONAL NAME
Personal name Aggarwal, R.S.
245 ## - TITLE STATEMENT
Title Arithmetic (subjective and objective):
Statement of responsibility, etc by R.S. Aggarwal
Remainder of title for competitive examinations /
250 ## - EDITION STATEMENT
Edition statement rev.ed
260 ## - PUBLICATION, DISTRIBUTION, ETC. (IMPRINT)
Place of publication, distribution, etc New Delhi
Name of publisher, distributor, etc S. Chand Publishing
Date of publication, distribution, etc 2017
270 ## - ADDRESS
Address 7361,Ram Nagar
City New Delhi
Postal code 110055
300 v# - PHYSICAL DESCRIPTION
Extent various pagings
Dimensions 24cm(pbk)
942 ## - ADDED ENTRY ELEMENTS (KOHA)
Source of classification or shelving scheme Dewey Decimal Classification
Item type English Books
Call number suffix AGG
Classification part 513
Holdings
Withdrawn status Lost status Not for loan Collection code Home library Current library Date acquired Source of acquisition Cost, normal purchase price Full call number Barcode Copy number Cost, replacement price Koha item type
      Non-fiction Central Jail Tihar Central Jail Tihar 14/09/2018 RK Books/IN1492/18-19/07-09-18/519/07-09-18/12-09-18 525.00 513 AGG B-705541 1 525.00 English Books
    Not For Loan Non-fiction D.B.Act.Division Central Library 14/05/2018 DBAD/PUB 525.00 513 AGG EN-106525 1 525.00 English Books

© Delhi Public Library
Hit Counter
free hit counter